Apprendre les transports en portugais - Statistiques

Statistiques générales
  • Ce quiz a été pris 34 fois
  • Le résultat moyen est 6 sur 15
Statistiques - réponses
Français Portugais / Português % Correct
Voiture Carro
100%
Avion Avião
77%
Bateau Barco
69%
Taxi Táxi
69%
Train Trem
54%
Hélicoptère Helicóptero
46%
Ambulance Ambulância
38%
Sous-marin Submarino
31%
Camion Caminhão
23%
Voiture de police Carro da polícia
15%
Bus Autocarro (ônibus)
8%
Camion de pompier Caminhão de bombeiros
8%
Tram Eléctrico (tramway)
8%
Limousine Limusine
8%
Fusée Foguete
0%
Aucun quiz correspondant
Distribution des résultats
% des personnes avec chaque résultat
Percentile par nombre de réponses
Votre historique - résultats
Vous n’avez pas pris ce quiz